Методические вопросы создания рациональной организации по управлению качеством

Bibliographic Details
Main Author: Мясников В. В.
Other Authors: Попова О. Г.
Language:Russian
Published: Москва, АСМС, 2000
Subjects:
Format: Book
KOHA link:https://koha.lib.tpu.ru/cgi-bin/koha/opac-detail.pl?biblionumber=41749

MARC

LEADER 00000nam0a2200000 4500
001 41749
005 20231031014643.0
035 |a (RuTPU)RU\TPU\book\42879 
090 |a 41749 
100 |a 20020701d2000 m y0rusy50 ca 
101 0 |a rus 
102 |a RU 
105 |a y z 001zy 
200 1 |a Методические вопросы создания рациональной организации по управлению качеством  |f В. В. Мясников, О. Г. Попова 
210 |a Москва  |c АСМС  |d 2000 
215 |a 23 с. 
320 |a Библиогр.: с. 22 
610 1 |a организация производства 
610 1 |a продукция 
610 1 |a качество 
610 1 |a управление 
610 1 |a Россия 
610 1 |a Госстандарт 
610 1 |a методические основы 
675 |a 658.562  |v 3 
700 1 |a Мясников  |b В. В. 
701 1 |a Попова  |b О. Г. 
801 1 |a RU  |b 63413507  |c 20020701  |g PSBO 
801 2 |a RU  |b 63413507  |c 20100830  |g PSBO 
942 |c BK